France, 1815 to the present
Spremljeno u:
| Glavni autor: | |
|---|---|
| Format: | Knjiga |
| Jezik: | Undetermined |
| Izdano: |
New York
Prentice-Hall, inc.
1940
|
| Teme: | |
| Oznake: |
Dodaj oznaku
Bez oznaka, Budi prvi tko označuje ovaj zapis!
|
| Thư viện lưu trữ: | Trung tâm Học liệu Trường Đại học Cần Thơ |
|---|
| LEADER | 00481nam a2200193Ia 4500 | ||
|---|---|---|---|
| 001 | CTU_108266 | ||
| 008 | 210402s9999 xx 000 0 und d | ||
| 082 | |a 944 | ||
| 082 | |b W853 | ||
| 100 | |a Wolf, John B. | ||
| 245 | 0 | |a France, 1815 to the present | |
| 245 | 0 | |c John B. Wolf | |
| 260 | |a New York | ||
| 260 | |b Prentice-Hall, inc. | ||
| 260 | |c 1940 | ||
| 650 | |a France | ||
| 650 | |x History | ||
| 904 | |i M.Loan | ||
| 980 | |a Trung tâm Học liệu Trường Đại học Cần Thơ | ||